| 000 | 00641nam a2200193 i 4500 | ||
|---|---|---|---|
| 001 | 175882 | ||
| 003 | ES-MaACL | ||
| 005 | 20250930063152.0 | ||
| 008 | 101126s1989 sp i |||| | spa d | ||
| 080 | _a78.01 | ||
| 100 | 1 |
_aSeguí, Salvador, _d1939-2004 _9144098 |
|
| 245 | 1 | 0 |
_aTeoría musical. _nI, _pPrograma del cuestionario / _cpor Salvador Segui. |
| 260 |
_aMadrid : _bUnión Musical Española, _c[1989] |
||
| 300 |
_a8 p. ; _c23 cm. |
||
| 505 | 8 | _aContiene: Primer curso. Segundo curso. Tercer curso. Definiciones. | |
| 650 | 7 |
_aMúsica- _xTeoría _2 _9139211 |
|
| 852 |
_aES-MaACL _j2266-F-18 |
||
| 999 |
_c175882 _d175882 |
||